| 000 | 00586nam a2200241 a 4500 | ||
|---|---|---|---|
| 001 | nice12345678 | ||
| 003 | IN_TiNIC | ||
| 005 | 20260116012042.0 | ||
| 008 | 050524s1957 hyda grp 000 0 urd | ||
| 020 |
_a _c3 |
||
| 082 | 0 | 0 |
_a491.439 _bSHE |
| 100 | _aSherwani, Haroon Khan | ||
| 245 | _aUrdu Rasmul Khat Aur Taba`t | ||
| 260 |
_aHyderabad _bMuhtamim Matbuat _c1957 |
||
| 300 | _a83p | ||
| 500 | _aincludes index and biblioraphy | ||
| 505 | 2 | _aIndex | |
| 650 | _aUrdu-Coursr Book | ||
| 700 | 1 | _aSherwani, Haroon Khan | |
| 902 | _bSRS | ||
| 942 | _cBK | ||
| 999 |
_c5435 _d5435 |
||